[Event "Elit(Kamraterna-Sollentuna)"]
[Site "?"]
[Date "2007.10.21"]
[Round "3"]
[White "Andersson, Michael"]
[Black "Bergstrom, Peter"]
[Result "0-1"]
[WhiteElo "2201"]
[BlackElo "2349"]
[PlyCount "132"]

1. Nf3 Nf6 2. b3 d5 3. Bb2 Bf5 4. d3 e6 5. Nbd2 h6 6. e3 Nbd7 7. Qe2 Be7 8. h3
c6 9. g4 Bg6 10. Rg1 Qa5 11. a3 O-O-O 12. h4 Rhe8 13. g5 hxg5 14. hxg5 Nh7 15.
Nh4 Nxg5 16. f4 Nh7 17. Nxg6 fxg6 18. O-O-O g5 19. fxg5 Bxa3 20. Bh3 Nhf8 21.
Rdf1 Re7 22. Rf2 Ng6 23. Rgf1 Rf8 24. Rxf8+ Ngxf8 25. Rf2 Bxb2+ 26. Kxb2 Qc7
27. d4 Qg3 28. Bg4 Qh4 29. Rh2 Qxg5 30. Rh8 Re8 31. Bh3 Kd8 32. c3 Qf6 33. Nf3
Ng6 34. Rxe8+ Kxe8 35. Qg2 c5 36. Qg3 Ne7 37. Ng5 Nf5 38. Qf4 cxd4 39. exd4 g6
40. Nf3 Kd8 41. Bf1 a6 42. Bd3 Kc8 43. Bc2 Qg7 44. Qg5 Qf6 45. Qf4 Qh8 46. Qg5
Qh1 47. Bxf5 gxf5 48. Qg8+ Kc7 49. Ng5 Qh2+ 50. Kc1 Qg1+ 51. Kb2 Qh2+ 52. Kc1
Qd6 53. Nxe6+ Kb6 54. Qd8+ Ka7 55. Ng5 Qa3+ 56. Kd2 Qb2+ 57. Kd3 Nb6 58. Ne6
Qb1+ 59. Kd2 Qb2+ 60. Kd3 Qb1+ 61. Kd2 Qxb3 62. Nc5 Nc4+ 63. Ke2 Qc2+ 64. Kf1
Nd2+ 65. Kg1 Ne4 66. Nxb7 Qf2+ 0-1

[Event "Elit(Vasteras-Manhem)"]
[Site "?"]
[Date "2007.10.21"]
[Round "3"]
[White "Nithander, Victor"]
[Black "Akesson, Ralf"]
[Result "1/2-1/2"]
[WhiteElo "2433"]
[BlackElo "2530"]
[PlyCount "52"]

1. e4 c5 2. Nf3 e6 3. Nc3 a6 4. d4 cxd4 5. Nxd4 Qc7 6. Bd3 Nf6 7. O-O Bc5 8.
Nb3 Be7 9. f4 d6 10. a4 Nc6 11. a5 e5 12. Be3 exf4 13. Bb6 Qb8 14. Nd5 Nxd5 15.
exd5 Ne5 16. Rxf4 Bg5 17. Re4 O-O 18. Qh5 h6 19. Rf1 Nxd3 20. cxd3 g6 21. Qf3
Bf5 22. Rc4 Qe8 23. g4 Bd7 24. Re4 Qc8 25. Rc4 Qe8 26. Re4 Qc8 1/2-1/2

[Event "Elit(Vasteras-Manhem)"]
[Site "?"]
[Date "2007.10.21"]
[Round "3"]
[White "Norberg, Johan"]
[Black "Winsnes, Rikard"]
[Result "1/2-1/2"]
[WhiteElo "2392"]
[BlackElo "2489"]
[PlyCount "46"]

1. e4 c5 2. Nc3 Nc6 3. g3 g6 4. Bg2 Bg7 5. d3 e6 6. f4 Nge7 7. Nf3 d6 8. O-O
O-O 9. Kh1 Rb8 10. a4 a6 11. Be3 Nd4 12. Qd2 b5 13. axb5 axb5 14. Ne1 b4 15.
Nd1 Bd7 16. Qf2 Bc6 17. c3 Nb3 18. Ra2 Qc7 19. Qc2 Nd4 20. Qd2 Nb3 21. Qc2 Nd4
22. Qd2 Nb3 23. Qc2 Nd4 1/2-1/2

[Event "Elit(Vasteras-Manhem)"]
[Site "?"]
[Date "2007.10.21"]
[Round "3"]
[White "Akesson, Joel"]
[Black "Eriksson, Anders"]
[Result "0-1"]
[WhiteElo "2388"]
[BlackElo "2360"]
[PlyCount "126"]

1. d4 Nf6 2. c4 e6 3. Nf3 Bb4+ 4. Bd2 Qe7 5. g3 O-O 6. Bg2 Bxd2+ 7. Qxd2 d6 8.
Nc3 e5 9. O-O Re8 10. e4 a5 11. h3 Na6 12. Rfe1 c6 13. Rad1 Qc7 14. Nh4 Rb8 15.
Bf1 Bd7 16. c5 dxc5 17. dxe5 Qxe5 18. f4 Qd4+ 19. Qxd4 cxd4 20. Rxd4 Nc5 21. e5
Re7 22. Red1 Ne8 23. a3 Be6 24. b4 axb4 25. axb4 Na6 26. Ne4 Nec7 27. Nd6 g6
28. Nf3 Bd5 29. Ng5 b5 30. Ra1 Kg7 31. Bg2 Bxg2 32. Kxg2 c5 33. bxc5 Nxc5 34.
Rb1 N5a6 35. Nf3 Kf8 36. Nd2 b4 37. N6e4 Ne6 38. Rc4 Rc7 39. Rxc7 Nexc7 40. Nf6
Ke7 41. Nxh7 Nd5 42. Ne4 b3 43. Nhf6 Nxf6 44. exf6+ Ke6 45. Rb2 Kd5 46. Kf3 Nc5
47. Nxc5 Kxc5 48. f5 gxf5 49. Kf4 Kc4 50. Kxf5 Kc3 51. Rb1 Kc2 52. Rf1 Rb5+ 53.
Kg4 b2 54. h4 b1=Q 55. Rxb1 Kxb1 56. h5 Kc2 57. h6 Rb8 58. Kg5 Rh8 59. g4 Kd3
60. Kf5 Rxh6 61. Ke5 Rh8 62. g5 Re8+ 63. Kf5 Re1 0-1

[Event "Elit(Vasteras-Manhem)"]
[Site "?"]
[Date "2007.10.21"]
[Round "3"]
[White "Norberg, Erik"]
[Black "Sagit, Rauan"]
[Result "1/2-1/2"]
[WhiteElo "2259"]
[BlackElo "2353"]
[PlyCount "96"]

1. g3 Nf6 2. Bg2 e5 3. c4 Nc6 4. Nc3 Bb4 5. Nd5 a5 6. Nxb4 axb4 7. d3 d5 8.
cxd5 Nxd5 9. Nf3 O-O 10. O-O h6 11. e4 Nf6 12. Be3 Qd6 13. d4 Ng4 14. d5 Nxe3
15. fxe3 Ne7 16. Nd2 Ng6 17. Qe2 Bd7 18. Rfc1 Rfc8 19. Nc4 Qe7 20. Qe1 b5 21.
Nd2 c5 22. dxc6 Rxc6 23. Rxc6 Bxc6 24. Nb3 Bd7 25. Nc1 Qd6 26. Ne2 Be6 27. b3
Rd8 28. Kf2 Bg4 29. h3 Be6 30. Ng1 Nf8 31. Bf3 Ra8 32. Be2 Bd7 33. Rd1 Qe7 34.
Qd2 Bc6 35. Qc2 Qb7 36. Bf3 Ne6 37. h4 Rc8 38. Qd2 Qe7 39. Kg2 Rd8 40. Qc2 Rxd1
41. Qxd1 g5 42. Qc2 Nc5 43. hxg5 hxg5 44. g4 Qd6 45. Ne2 Nd3 46. Qb1 Nc5 47.
Qc2 Nd3 48. Qb1 Nc5 1/2-1/2

[Event "Elit(Vasteras-Manhem)"]
[Site "?"]
[Date "2007.10.21"]
[Round "3"]
[White "Moberg, Karl Johan"]
[Black "Janse, Rasmus"]
[Result "1/2-1/2"]
[WhiteElo "2327"]
[BlackElo "2204"]
[PlyCount "89"]

1. d4 e6 2. c4 c5 3. d5 exd5 4. cxd5 d6 5. Nc3 Nf6 6. Nf3 g6 7. Bf4 a6 8. e4 b5
9. Qe2 Nbd7 10. a4 b4 11. Nb1 Qe7 12. Nbd2 Ne5 13. Bxe5 dxe5 14. Nc4 Nd7 15.
Qe3 Bg7 16. Bd3 O-O 17. O-O f5 18. Nfd2 f4 19. Qe2 g5 20. f3 h5 21. Nb3 Rf6 22.
Qf2 Bf8 23. d6 Qd8 24. Rad1 Kg7 25. Be2 Nb6 26. Nxb6 Qxb6 27. d7 Bb7 28. Rd2
Rd8 29. Rfd1 Qc7 30. Bc4 Bc6 31. a5 Rxd7 32. Rxd7+ Bxd7 33. Qe2 Ba4 34. Qd3 Rd6
35. Qc2 Bxb3 36. Bxb3 Qxa5 37. Rxd6 Bxd6 38. Qc4 Qa1+ 39. Kf2 Qxb2+ 40. Kf1
Qb1+ 41. Ke2 Qb2+ 42. Kf1 Qa1+ 43. Ke2 Qb2+ 44. Kf1 Qa1+ 45. Ke2 1/2-1/2

[Event "Elit(Vasteras-Manhem)"]
[Site "?"]
[Date "2007.10.21"]
[Round "3"]
[White "Nilsson, Andre"]
[Black "Schneider, Lars-Ake"]
[Result "1/2-1/2"]
[WhiteElo "2324"]
[BlackElo "2328"]
[PlyCount "29"]

1. g3 c5 2. Bg2 Nc6 3. d3 g6 4. e4 Bg7 5. f4 d6 6. Nf3 Nf6 7. O-O O-O 8. Nc3
Rb8 9. h3 b5 10. a3 a5 11. g4 b4 12. axb4 axb4 13. Ne2 Nd7 14. Rb1 Nb6 15. b3
1/2-1/2

[Event "Elit(Vasteras-Manhem)"]
[Site "?"]
[Date "2007.10.21"]
[Round "3"]
[White "Andersson, Bjorn"]
[Black "Wikstrom, Per"]
[Result "1-0"]
[WhiteElo "2320"]
[BlackElo "2175"]
[PlyCount "73"]

1. e4 e6 2. d4 d5 3. Nd2 c5 4. exd5 Qxd5 5. Ngf3 cxd4 6. Bc4 Qd6 7. Qe2 Nf6 8.
Nb3 Nc6 9. Bg5 a6 10. O-O-O b5 11. Bd3 Qc7 12. Nfxd4 Bb7 13. Rhe1 Be7 14. Kb1
Nxd4 15. Nxd4 Rd8 16. c3 Bd5 17. Bc2 h6 18. Bc1 Qxh2 19. Nf5 Bc5 20. Nxg7+ Kf8
21. Rh1 Qxg2 22. Nh5 Nxh5 23. Qxh5 Ke8 24. c4 bxc4 25. Rhe1 Qf3 26. Rxd5 Qxd5
27. Re5 Bd4 28. Rxd5 Rxd5 29. Qe2 Kd7 30. Be4 Rc5 31. Qd2 e5 32. f4 f6 33. fxe5
fxe5 34. Qg2 Re8 35. Qg6 c3 36. Bf5+ Kd8 37. Qf6+ 1-0

[Event "Elit(Vasteras-Manhem)"]
[Site "?"]
[Date "2007.10.21"]
[Round "3"]
[White "Janse, Love"]
[Black "Kinnmark, Ove"]
[Result "0-1"]
[WhiteElo "2175"]
[BlackElo "2272"]
[PlyCount "34"]

1. e4 d5 2. Nc3 dxe4 3. Nxe4 Nf6 4. Nxf6+ exf6 5. d4 Bd6 6. Bd3 O-O 7. Ne2 c5
8. dxc5 Bxc5 9. O-O Nc6 10. c3 Ne5 11. Be4 Qxd1 12. Rxd1 Bg4 13. Kf1 Bxe2+ 14.
Kxe2 Rfe8 15. h3 Ng6 16. Kf3 Nh4+ 17. Kf4 g5+ 0-1

[Event "Elit(LASK-Upsala)"]
[Site "?"]
[Date "2007.10.21"]
[Round "3"]
[White "Andersson, Fredrik"]
[Black "Lund, Esben"]
[Result "0-1"]
[WhiteElo "2326"]
[BlackElo "2445"]
[PlyCount "70"]

1. e4 e5 2. Nf3 Nc6 3. Bb5 Nf6 4. d3 d6 5. O-O g6 6. d4 Bd7 7. Re1 Bg7 8. d5
Ne7 9. Bxd7+ Nxd7 10. Be3 h6 11. c4 f5 12. exf5 Nxf5 13. Nc3 O-O 14. Ne4 a5 15.
Rc1 b6 16. Rc3 Qe8 17. Qa4 Qf7 18. Ra3 Rac8 19. Qb5 g5 20. h3 Rce8 21. Qc6 Nf6
22. Nfd2 Nh5 23. g3 Nf4 24. gxf4 exf4 25. Bxb6 cxb6 26. Qxb6 Bd4 27. Qxa5 Nh4
28. Nf3 Nxf3+ 29. Rxf3 Qg6 30. c5 g4 31. Kh1 Rxe4 32. Rg1 g3 33. Rgxg3 fxg3 34.
Rxg3 Qxg3 35. fxg3 Re2 0-1

[Event "Elit(LASK-Upsala)"]
[Site "?"]
[Date "2007.10.21"]
[Round "3"]
[White "Olsson, Linus"]
[Black "Magnusson, Jorgen"]
[Result "1-0"]
[WhiteElo "2471"]
[BlackElo "2308"]
[PlyCount "75"]

1. Nf3 d6 2. d4 g6 3. c4 Bg7 4. e4 Nf6 5. Nc3 O-O 6. Be2 Na6 7. O-O c6 8. Re1
Qe8 9. Bf1 e5 10. Rb1 Bg4 11. d5 c5 12. a3 Kh8 13. b4 b6 14. Bd3 Ng8 15. Bc2
Bh6 16. Bxh6 Nxh6 17. Ba4 Qe7 18. Bb5 Nc7 19. Bc6 Rab8 20. h3 Bxf3 21. Qxf3 f5
22. Rb2 fxe4 23. Qxe4 cxb4 24. axb4 a6 25. f4 Nf7 26. Rf2 Qf6 27. Qe3 Qg7 28.
Ne4 exf4 29. Rxf4 Qb2 30. Ref1 Kg7 31. Nxd6 Ne5 32. Kh1 Kg8 33. c5 bxc5 34.
bxc5 Nxc6 35. dxc6 Rxf4 36. Qxf4 Qg7 37. Nf7 Ne6 38. Qxb8+ 1-0

[Event "Elit(LASK-Upsala)"]
[Site "?"]
[Date "2007.10.21"]
[Round "3"]
[White "Johansson, Jan"]
[Black "Tikkanen, Hans"]
[Result "0-1"]
[WhiteElo "2473"]
[BlackElo "2477"]
[PlyCount "76"]

1. d4 d5 2. c4 e6 3. Nf3 c6 4. b3 Nf6 5. g3 dxc4 6. bxc4 c5 7. e3 Nc6 8. Bg2
cxd4 9. exd4 Bb4+ 10. Bd2 Bxd2+ 11. Qxd2 Ne4 12. Qe3 Nd6 13. Qe2 Qf6 14. O-O
Nxd4 15. Nxd4 Qxd4 16. Nd2 O-O 17. Rfc1 Nf5 18. Rab1 Qd7 19. c5 Qc7 20. Nc4 Nd4
21. Qe4 Nc6 22. Nd6 Rb8 23. g4 h6 24. h4 f5 25. Qe3 fxg4 26. Be4 Ne5 27. Qg3
Nf3+ 28. Kg2 e5 29. Rb3 Rf4 30. Bd5+ Kh7 31. Re3 Qa5 32. Rxe5 Qd2 33. Rc4 Qd1
34. Bxf3 Rxf3 35. Re8 Rxg3+ 36. fxg3 Qf3+ 37. Kh2 Qf2+ 38. Kh1 Bd7 0-1

[Event "Elit(LASK-Upsala)"]
[Site "?"]
[Date "2007.10.21"]
[Round "3"]
[White "Semcesen, Daniel"]
[Black "Glimbrandt, Torbjorn"]
[Result "1/2-1/2"]
[WhiteElo "2403"]
[BlackElo "2342"]
[PlyCount "117"]

1. d4 Nf6 2. c4 g6 3. Nc3 Bg7 4. e4 d6 5. h3 O-O 6. Nf3 e5 7. d5 Na6 8. Bg5 h6
9. Be3 Nc5 10. Nd2 Nh5 11. g3 Bd7 12. Be2 Nf6 13. Qc2 Nh7 14. g4 f5 15. exf5
gxf5 16. O-O-O Qe8 17. Bxc5 dxc5 18. gxf5 Bxf5 19. Bd3 Bxd3 20. Qxd3 Kh8 21.
Nde4 b6 22. Rhg1 Qh5 23. Rg4 Rf4 24. Qg3 Rxg4 25. Qxg4 Qxg4 26. hxg4 Nf6 27. f3
Nxe4 28. Nxe4 Rf8 29. Rd3 Kh7 30. Kd2 Rd8 31. d6 cxd6 32. Rxd6 Rxd6+ 33. Nxd6
e4 34. Nxe4 Bxb2 35. f4 Ba3 36. Kd3 a6 37. Nd6 Kg6 38. Ke4 Kf6 39. Kd5 b5 40.
Ne4+ Kf7 41. Nxc5 bxc4 42. Kxc4 Bc1 43. Nd3 Bd2 44. Kd5 Kf6 45. Ke4 a5 46. Nc5
Bb4 47. Kd5 h5 48. gxh5 Kf5 49. a4 Bd2 50. Nd3 Bc3 51. h6 Kg6 52. Ke6 Kxh6 53.
Ne5 Kg7 54. f5 Bxe5 55. Kxe5 Kf7 56. f6 Kf8 57. Ke6 Ke8 58. f7+ Kf8 59. Kf6
1/2-1/2

[Event "Elit(LASK-Upsala)"]
[Site "?"]
[Date "2007.10.21"]
[Round "3"]
[White "Lindberg, Henrik"]
[Black "Dragicevic, Drazen"]
[Result "1-0"]
[WhiteElo "2255"]
[BlackElo "2322"]
[PlyCount "63"]

1. e4 c5 2. Nf3 Nc6 3. d4 cxd4 4. Nxd4 Nf6 5. Nc3 e5 6. Ndb5 d6 7. Bg5 a6 8.
Na3 b5 9. Nd5 Be7 10. Bxf6 Bxf6 11. c3 Ne7 12. Nxf6+ gxf6 13. Nc2 Bb7 14. Bd3
d5 15. exd5 Qxd5 16. Ne3 Qe6 17. a4 Rd8 18. Qc2 Nd5 19. axb5 axb5 20. Bxb5+ Kf8
21. Rd1 Qb6 22. Qe2 Nf4 23. Qc4 Rxd1+ 24. Kxd1 Rg8 25. Rg1 h5 26. g3 Bf3+ 27.
Kc2 Nh3 28. Ra1 Nxf2 29. Nf5 Qxb5 30. Qxb5 Be4+ 31. Kd2 Bxf5 32. Qc5+ 1-0

[Event "Elit(LASK-Upsala)"]
[Site "?"]
[Date "2007.10.21"]
[Round "3"]
[White "Smith, Axel"]
[Black "Burwick, Malte"]
[Result "0-1"]
[WhiteElo "2403"]
[BlackElo "2278"]
[PlyCount "392"]
[EventDate "2007.??.??"]

1. e4 g6 2. d4 Bg7 3. Nc3 d6 4. f4 a6 5. Nf3 e6 6. Bd3 Ne7 7. Be3 Nd7 8. Qd2 f5
9. Rg1 Nf6 10. e5 Ng4 11. h3 Nxe3 12. Qxe3 d5 13. g4 Bh6 14. Ne2 Bd7 15. b3 Bb5
16. c4 Bc6 17. c5 Bb5 18. g5 Bxd3 19. Qxd3 Bf8 20. Kf2 Qd7 21. b4 h6 22. a4 h5
23. b5 Kf7 24. Rgb1 a5 25. b6 c6 26. Nd2 Bg7 27. Nb3 Ra6 28. Nc3 Rb8 29. Ra2
Bf8 30. Kg3 Qd8 31. Rc2 Rc8 32. Rbc1 Qe8 33. Kg2 Rb8 34. Nb1 Qd7 35. Na3 Qe8
36. Kf3 Bg7 37. Rb1 Bf8 38. Kg2 Bg7 39. Qc3 Rba8 40. Nd2 Rb8 41. Rcb2 Bf8 42.
Qd3 Qd7 43. Rg1 Bg7 44. Nab1 Rd8 45. Nc3 Rb8 46. Rgb1 Raa8 47. Qf3 Rh8 48. Qd1
Rhb8 49. Ne2 Ra6 50. Ng3 Rh8 51. Qe2 Raa8 52. Qe1 Ra6 53. Rc2 Rb8 54. Nf3 Rh8
55. Qe2 Raa8 56. Nh4 Qd8 57. Kf1 Qd7 58. Ke1 Qd8 59. Kd1 Qd7 60. Qd3 Qd8 61.
Kc1 Qd7 62. Rb3 Qd8 63. Kb1 Qd7 64. Qc3 Qe8 65. Rbb2 Qd7 66. Ne2 Rhb8 67. Ka2
Qe8 68. Nc1 Ra6 69. Ng2 Bf8 70. Ne3 Qd7 71. Re2 Kg8 72. Nc2 Qe8 73. Na1 Qd7 74.
Nab3 Rba8 75. h4 Nc8 76. Nd3 Ne7 77. Re1 Qe8 78. Reb1 Qd7 79. Ndc1 Qe8 80. Ne2
Qf7 81. Qd3 Qe8 82. Nc3 Rb8 83. Ra1 Kh7 84. Kb1 Raa8 85. Rba2 Nc8 86. Qd2 Ra6
87. Kc2 Ne7 88. Ne2 Rba8 89. Ng3 Kg8 90. Nh1 Qf7 91. Nf2 Qe8 92. Nd3 Qd7 93.
Qc3 Qe8 94. Nd2 Kf7 95. Qb3 Rb8 96. Nb1 Raa8 97. Nc3 Kg8 98. Qb2 Qd7 99. Nc1
Qe8 100. Nb3 Kf7 101. Qc1 Kg8 102. Qe1 Ra6 103. Nb1 Rba8 104. Na3 Kg7 105. Qe2
Rb8 106. Qd2 Rba8 107. Qd3 Rb8 108. Rb1 Kf7 109. Qe2 Kg8 110. Qh2 Kf7 111. Qd2
Rba8 112. Rc1 Kg7 113. Qd3 Rb8 114. Rd1 Kg8 115. Qd2 Rba8 116. Qg2 Rb8 117.
Rda1 Kf7 118. Qe2 Kg8 119. Kb2 Kf7 120. Kc3 Kg8 121. Nb5 cxb5 122. axb5 Raa8
123. Rxa5 Rxa5 124. Rxa5 Nc8 125. Qa2 Qd7 126. Kb2 Be7 127. Qa4 Kf7 128. Nc1
Qe8 129. Nd3 Qd8 130. Qb3 Kg7 131. Ra4 Kf7 132. Ra2 Kg7 133. Ra1 Kf7 134. Ra4
Kg7 135. Nb4 Kf7 136. Ka2 Kg7 137. Qc3 Kf7 138. Nd3 Qe8 139. Ra5 Kf8 140. Nc1
Kf7 141. Nb3 Kf8 142. Kb1 Kf7 143. Qd2 Kf8 144. Qa2 Kf7 145. Kc2 Kg7 146. Ra8
Rxa8 147. Qxa8 Qd7 148. Qa4 Kf7 149. Na5 Bd8 150. Qb4 Nxb6 151. cxb6 Bxb6 152.
Nb3 Qc7+ 153. Kd3 Qd7 154. Nc5 Qc8 155. Na4 Bd8 156. Nc5 Qa8 157. Na4 Be7 158.
Qb3 Qa5 159. Nc3 Qa1 160. Qd1 Qb2 161. Qc2 Qa3 162. Qa2 Qc1 163. Qa8 Qxf4 164.
Qxb7 Qf3+ 165. Kc2 Qf2+ 166. Kd3 Qf3+ 167. Kd2 Qf4+ 168. Kc2 Qxd4 169. Qc7 f4
170. b6 f3 171. b7 f2 172. b8=Q f1=Q 173. Qcc8 Qdd3+ 174. Kb3 Qc4+ 175. Qxc4
Qxc4+ 176. Kb2 d4 177. Ne4 Qe2+ 178. Kb3 Qxe4 179. Qc7 Qe3+ 180. Ka2 Qc3 181.
Qd7 d3 182. Qb7 d2 183. Qb1 Qa5+ 184. Kb2 Qb4+ 185. Kc2 Qxb1+ 186. Kxd2 Qb2+
187. Kd3 Qxe5 188. Kc4 Qg3 189. Kd4 Qxh4+ 190. Kd3 Qxg5 191. Ke2 h4 192. Kf3 h3
193. Kf2 h2 194. Ke2 h1=Q 195. Kf2 Qf4+ 196. Ke2 Qhf1# 0-1

[Event "Elit(LASK-Upsala)"]
[Site "?"]
[Date "2007.10.21"]
[Round "3"]
[White "Svensson, Mans"]
[Black "Nilsson, Sebastian"]
[Result "1/2-1/2"]
[WhiteElo "2237"]
[BlackElo "2271"]
[PlyCount "57"]

1. Nf3 d5 2. b3 Bg4 3. Bb2 Nd7 4. e3 e6 5. Be2 Ngf6 6. O-O Bd6 7. c4 O-O 8. Nc3
c6 9. Rc1 a6 10. d4 Qe7 11. Re1 Rfe8 12. Nd2 Bxe2 13. Rxe2 Rad8 14. e4 dxe4 15.
Ndxe4 Bf4 16. Ra1 Nxe4 17. Nxe4 Nf6 18. Qc2 Nxe4 19. Qxe4 Bg5 20. g3 Bf6 21.
Rae1 Qd6 22. Rd1 Re7 23. Red2 Qb4 24. Qc2 Red7 25. Bc3 Qb6 26. Qb2 Qc7 27. Qc2
Qb6 28. Qb2 Qc7 29. Qc2 1/2-1/2

[Event "Elit(LASK-Upsala)"]
[Site "?"]
[Date "2007.10.21"]
[Round "3"]
[White "Mikkelsen, Nikolaj"]
[Black "Holm, Magnus"]
[Result "1-0"]
[WhiteElo "2365"]
[BlackElo "2238"]
[PlyCount "101"]

1. e4 c5 2. Nf3 Nc6 3. d4 cxd4 4. Nxd4 Nf6 5. Nc3 d6 6. Bg5 e6 7. Qd2 h6 8.
Bxf6 gxf6 9. O-O-O a6 10. f4 Bd7 11. Be2 h5 12. Kb1 Qc7 13. Rhf1 O-O-O 14. f5
Be7 15. Nxc6 Bxc6 16. Qe3 Rdg8 17. Qh3 Bd7 18. Bxh5 Rg5 19. g4 d5 20. Qf3 dxe4
21. Nxe4 Bc6 22. Bxf7 exf5 23. Be6+ Kb8 24. Bxf5 Rxh2 25. Qf4 Rg8 26. a3 Bb5
27. Qxc7+ Kxc7 28. Rfe1 Bc6 29. Ng5 fxg5 30. Rxe7+ Kb8 31. b3 Rh6 32. Kb2 Rf6
33. Rh7 Ka7 34. Re1 Rd6 35. Ree7 Kb6 36. Rhg7 Rdd8 37. Be6 Rgf8 38. Rxg5 Rf1
39. Bf5 Rdd1 40. Bd3 Rg1 41. Rg6 a5 42. a4 Rg2 43. Be4 Rgg1 44. Bxc6 bxc6 45.
Ree6 Rb1+ 46. Kc3 Rg3+ 47. Kc4 Rbg1 48. Rxc6+ Kb7 49. Kb5 Rxg4 50. Rxg4 Rxg4
51. Rc5 1-0

[Event "Elit(Limhamn-Wasa)"]
[Site "?"]
[Date "2007.10.21"]
[Round "3"]
[White "Wedberg, Tom"]
[Black "Ahlander, Bjorn"]
[Result "1/2-1/2"]
[WhiteElo "2562"]
[BlackElo "2533"]
[PlyCount "51"]

1. e4 e5 2. Nf3 Nc6 3. Bb5 a6 4. Ba4 Nf6 5. O-O Be7 6. Re1 b5 7. Bb3 O-O 8. c3
d6 9. h3 Bb7 10. d4 Na5 11. Bc2 Nc4 12. b3 Nb6 13. Nbd2 Re8 14. a4 bxa4 15.
bxa4 a5 16. Bd3 Nfd7 17. Bb5 c6 18. Bd3 Qc7 19. Rb1 Ba6 20. Bxa6 Rxa6 21. Ba3
Raa8 22. Qc2 h6 23. Rb2 Bf8 24. Reb1 Rab8 25. Rb3 g6 26. Qa2 1/2-1/2

[Event "Elit(Limhamn-Wasa)"]
[Site "?"]
[Date "2007.10.21"]
[Round "3"]
[White "Brynell, Stellan"]
[Black "Hellborg, Teodor"]
[Result "1/2-1/2"]
[WhiteElo "2604"]
[BlackElo "2392"]
[PlyCount "77"]

1. e4 c5 2. Nf3 e6 3. c3 d5 4. exd5 Qxd5 5. d4 Nf6 6. Be3 cxd4 7. cxd4 Bb4+ 8.
Nc3 Bd7 9. Bd3 Bb5 10. O-O Bxc3 11. bxc3 Bxd3 12. Qxd3 Nbd7 13. c4 Qa5 14. Bd2
Qa6 15. Bb4 Nd5 16. Qb3 Nxb4 17. Qxb4 Rc8 18. Rab1 b6 19. Rfc1 Qb7 20. a4 Qc7
21. a5 bxa5 22. Qa3 Nb6 23. Qxa5 O-O 24. c5 Nd5 25. Ra1 Nf4 26. Qxc7 Rxc7 27.
Rc2 f6 28. g3 Nd5 29. Rca2 Rff7 30. Kg2 Nb4 31. Ra4 Nc6 32. Re1 Rfe7 33. h4 Kf7
34. Ra6 Red7 35. Rea1 Nb4 36. R6a4 Nc6 37. Ra6 Nb4 38. R6a4 Nc6 39. Ra6 1/2-1/2

[Event "Elit(Limhamn-Wasa)"]
[Site "?"]
[Date "2007.10.21"]
[Round "3"]
[White "Genkin, Michael"]
[Black "Penalver, Osmani"]
[Result "1/2-1/2"]
[WhiteElo "2351"]
[BlackElo "2264"]
[PlyCount "93"]

1. Nf3 Nf6 2. g3 d5 3. Bg2 c6 4. O-O Bf5 5. d3 e6 6. Nbd2 Be7 7. c4 O-O 8. Nh4
Bg4 9. h3 Bh5 10. g4 Nfd7 11. gxh5 Bxh4 12. e4 dxe4 13. Nxe4 Ne5 14. Bf4 Qd4
15. Bxe5 Qxe5 16. d4 Qf4 17. Qg4 Qxg4 18. hxg4 Rd8 19. Rad1 Be7 20. f4 Nd7 21.
g5 g6 22. h6 Nb6 23. b3 Rac8 24. Kf2 Rc7 25. Ke3 Rcd7 26. Bf3 Na8 27. a3 Nc7
28. a4 Ne8 29. Rd3 Nd6 30. Nxd6 Bxd6 31. Ke4 Bc7 32. Rc1 Kf8 33. b4 Ke7 34. Be2
f6 35. gxf6+ Kxf6 36. b5 Ke7 37. Bg4 Rf8 38. Rf1 Rdd8 39. bxc6 bxc6 40. Rb3 Rb8
41. Rxb8 Rxb8 42. Rf3 Rb1 43. Re3 Ba5 44. c5 Re1 45. Rxe1 Bxe1 46. Ke5 Bh4 47.
Bh3 1/2-1/2

[Event "Elit(Limhamn-Wasa)"]
[Site "?"]
[Date "2007.10.21"]
[Round "3"]
[White "Tadjerbashi, Amir"]
[Black "Astrom, Goran"]
[Result "1/2-1/2"]
[WhiteElo "2244"]
[BlackElo "2297"]
[PlyCount "119"]

1. e4 c5 2. Nf3 e6 3. Nc3 a6 4. d4 cxd4 5. Nxd4 Qc7 6. g3 Nf6 7. Bg2 d6 8. O-O
Be7 9. f4 O-O 10. g4 Nc6 11. Nxc6 bxc6 12. g5 Nd7 13. f5 Re8 14. Kh1 exf5 15.
exf5 d5 16. f6 Bf8 17. Bf4 Qa7 18. fxg7 Bxg7 19. Qh5 Nf8 20. Bd6 Ng6 21. Na4
Qd4 22. Qf3 Be6 23. Nc5 Qxb2 24. Rab1 Qxc2 25. Nxe6 fxe6 26. Qf7+ Kh8 27. Rb7
Rg8 28. Qxe6 Nh4 29. Qg4 Nxg2 30. Qxg2 Qxg2+ 31. Kxg2 Bd4 32. h4 Rg7 33. Rb4
Rd7 34. Rxd4 Rxd6 35. Rf7 c5 36. Rdf4 d4 37. Re7 d3 38. Rff7 d2 39. Rxh7+ Kg8
40. Rhg7+ Kh8 41. Rh7+ Kg8 42. Reg7+ Kf8 43. Rd7 Rxd7 44. Rxd7 c4 45. Rxd2 c3
46. Rc2 Rc8 47. Kf3 Kg7 48. Ke3 Rc4 49. h5 Rc5 50. h6+ Kh7 51. Kd4 Rxg5 52.
Kxc3 Kxh6 53. Kb4 Kg7 54. Rc5 Rg2 55. Ra5 Kf7 56. a4 Ke6 57. Rxa6+ Kd7 58. Rh6
Kc7 59. Kb5 Kb7 60. Rh7+ 1/2-1/2

[Event "Elit(Limhamn-Wasa)"]
[Site "?"]
[Date "2007.10.21"]
[Round "3"]
[White "Heinola, Vesa"]
[Black "Nylen, Anders"]
[Result "0-1"]
[WhiteElo "2287"]
[BlackElo "2239"]
[PlyCount "126"]

1. d4 Nf6 2. c4 g6 3. Nc3 d5 4. cxd5 Nxd5 5. e4 Nxc3 6. bxc3 Bg7 7. Bc4 c5 8.
Be3 Nc6 9. Ne2 O-O 10. Rc1 cxd4 11. cxd4 Qa5+ 12. Kf1 Bd7 13. h4 h5 14. Nf4 Kh7
15. e5 Rac8 16. Bb3 Bg4 17. f3 Bf5 18. g4 hxg4 19. fxg4 Be4 20. Rh2 Rcd8 21.
Rd2 Nb4 22. g5 Nd5 23. Bxd5 Bxd5 24. Rc5 Qa6+ 25. Qe2 Qxe2+ 26. Kxe2 Be4 27.
Rc7 Rfe8 28. Rd1 Rc8 29. Rdc1 Bc6 30. Rxc8 Rxc8 31. Kd2 Rd8 32. Kc3 e6 33. Kb3
Kg8 34. Rc3 a6 35. Rc4 Kf8 36. a4 Ke8 37. Bc1 Bf8 38. Ba3 Bxa3 39. Kxa3 Ke7 40.
Kb4 Rh8 41. Kc5 Kd7 42. Kb6 Rxh4 43. Nd3 Bd5 44. Rc7+ Ke8 45. Kc5 Kf8 46. Nb4
Bg2 47. a5 Rg4 48. Nc2 Rxg5 49. Ne3 Bh1 50. Nc4 Rg1 51. Rc8+ Kg7 52. Rd8 g5 53.
Kd6 g4 54. Ke7 Rc1 55. Ne3 g3 56. Ng4 g2 57. Nf6 Kg6 58. Rg8+ Kf5 59. Ne8 g1=Q
60. Nd6+ Kf4 61. Rxg1 Rxg1 62. Nxf7 Bd5 63. Nd8 Ke4 0-1

[Event "Elit(Limhamn-Wasa)"]
[Site "?"]
[Date "2007.10.21"]
[Round "3"]
[White "Holst, Conny"]
[Black "Collett, Peter"]
[Result "1/2-1/2"]
[WhiteElo "2233"]
[BlackElo "2262"]
[PlyCount "89"]

1. d4 Nf6 2. c4 e6 3. Nc3 Bb4 4. e3 b6 5. Bd3 Bb7 6. Nf3 Ne4 7. O-O f5 8. d5
Bxc3 9. bxc3 Nc5 10. e4 fxe4 11. Bg5 Qc8 12. Bc2 O-O 13. Nd2 Nba6 14. Nxe4 Nxe4
15. Bxe4 Nc5 16. Bc2 Qe8 17. Qg4 exd5 18. Rae1 Ne6 19. cxd5 Bxd5 20. c4 Bb7 21.
Qh4 g6 22. Re3 Qf7 23. Be7 Qf4 24. Qh3 Rf7 25. Ba3 c5 26. Bc1 Ng5 27. Qg3 Qxg3
28. hxg3 Ne6 29. f4 Bc6 30. Re5 Rff8 31. Bd3 Rae8 32. g4 Nd4 33. Rfe1 Kf7 34.
f5 gxf5 35. Rxe8 Rxe8 36. Rxe8 Kxe8 37. gxf5 Kf7 38. Kf2 d5 39. g4 b5 40. cxb5
Nxb5 41. Bxb5 Bxb5 42. Ba3 Bc4 43. Bxc5 Bxa2 44. Bxa7 Bb1 45. Ke3 1/2-1/2

[Event "Elit(Limhamn-Wasa)"]
[Site "?"]
[Date "2007.10.21"]
[Round "3"]
[White "Nordstrom, Felix"]
[Black "Johansson, Thomas"]
[Result "1-0"]
[WhiteElo "2124"]
[BlackElo "2224"]
[PlyCount "73"]

1. e4 e5 2. Nf3 d6 3. d4 exd4 4. Nxd4 Nf6 5. Nc3 Be7 6. Be2 O-O 7. O-O Re8 8.
f4 c5 9. Nb3 Nc6 10. Bf3 a5 11. a4 Be6 12. Nd5 Bxd5 13. exd5 Nb4 14. c3 Na6 15.
Nd2 Bf8 16. Nc4 Nb8 17. Qd3 Nbd7 18. Bd2 Nb6 19. Ne3 Qc7 20. c4 g6 21. b3 Bg7
22. Rae1 Nbd7 23. g4 h6 24. h4 Re7 25. g5 Nh7 26. gxh6 Bf6 27. Ng4 Bxh4 28.
Rxe7 Bxe7 29. f5 g5 30. Bc3 Ne5 31. Bxe5 dxe5 32. f6 Bd6 33. Be4 Nf8 34. h7+
Kh8 35. Qe3 Ng6 36. Qxg5 Rf8 37. Qh6 1-0

[Event "Elit(Limhamn-Wasa)"]
[Site "?"]
[Date "2007.10.21"]
[Round "3"]
[White "Mansson, Lars"]
[Black "Nystrom, Ragnar"]
[Result "1-0"]
[WhiteElo "2209"]
[BlackElo "1955"]
[PlyCount "53"]

1. e4 e6 2. d4 d5 3. Nc3 Bb4 4. e5 c5 5. Bd2 Ne7 6. a3 Bxc3 7. Bxc3 cxd4 8.
Qxd4 Nbc6 9. Qg4 O-O 10. Nf3 Qc7 11. Bd3 Ng6 12. O-O-O Ncxe5 13. Nxe5 Nxe5 14.
Bxh7+ Kxh7 15. Qh5+ Kg8 16. Bxe5 Qd8 17. Rd3 f6 18. Rh3 Qd7 19. Qh7+ Kf7 20.
Bxf6 Kxf6 21. Rf3+ Ke5 22. Rxf8 Qe7 23. Qh8 Qc7 24. Rd8 Kd4 25. Qf8 a5 26. Rd1+
Kc4 27. a4 1-0